| 000 | 00422nam a2200133Ia 4500 | ||
|---|---|---|---|
| 008 | 220217s9999||||xx |||||||||||||| ||und|| | ||
| 020 | _a81-8404-434-8 | ||
| 082 | _a006.3 BAL | ||
| 100 | _aBallard, Chuck. Rollins, John. Ramos, Jo. Perkins, Andy. Hal | ||
| 245 | 0 | _aDynamic warehousing data mining made easy | |
| 260 |
_aShroff publishers and dist.Pvt. _bMumbai _c2008 |
||
| 300 | _b525 | ||
| 650 | _aDATA STRUCTURES | ||
| 999 |
_c176786 _d176786 |
||